[Event "La Pobla de Lillet op 2006"]
[Site "La Pobla de Lillet ESP"]
[Date "2006.08.02"]
[Round "1.1"]
[White "Felgaer Ziegler, Ruben"]
[Black "Cerdans Costa, Ferran"]
[Result "1-0"]
[WhiteElo "2581"]
[BlackElo "1971"]
[PlyCount "51"]
[EventDate "2006.08.02"]
[EventType "swiss"]
[EventRounds "9"]
[EventCountry "ESP"]
[SourceTitle "Ajedrez en Madri"]
[Source "lmi"]
[SourceDate "2020.06.30"]
[SourceVersion "1"]
[SourceVersionDate "2020.06.30"]
[SourceQuality "1"]

1. c4 Nf6 2. Nc3 e6 3. e4 c5 4. g3 Nc6 5. Bg2 Nb4 6. d3 d6 7. Nge2 Rb8 8. O-O
Bd7 9. a3 Nc6 10. b4 g6 11. bxc5 dxc5 12. f4 Nd4 13. e5 Nxe2+ 14. Qxe2 Nh5 15.
g4 Ng7 16. Ne4 Be7 17. Bb2 h5 18. f5 exf5 19. e6 Bxe6 20. Bxg7 Rg8 21. gxf5
gxf5 22. Be5 fxe4 23. Bxb8 exd3 24. Qe5 Bh3 25. Rf2 f6 26. Qxh5+ 1-0

[Event "La Pobla de Lillet op 2006"]
[Site "La Pobla de Lillet ESP"]
[Date "2006.08.02"]
[Round "1.3"]
[White "Mirzoev, Azer"]
[Black "Vegara Gallego, Pere"]
[Result "1-0"]
[WhiteElo "2523"]
[BlackElo "1965"]
[PlyCount "74"]
[EventDate "2006.08.02"]
[EventType "swiss"]
[EventRounds "9"]
[EventCountry "ESP"]
[SourceTitle "Ajedrez en Madri"]
[Source "lmi"]
[SourceDate "2020.06.30"]
[SourceVersion "1"]
[SourceVersionDate "2020.06.30"]
[SourceQuality "1"]

1. c4 e5 2. e4 d6 3. Nc3 Nf6 4. Nf3 c6 5. d4 exd4 6. Qxd4 Be7 7. Be2 O-O 8. O-O
Be6 9. Bf4 Nh5 10. Be3 Nf6 11. Rfd1 Nbd7 12. h3 Qa5 13. Qd2 Qc7 14. Nd4 Rad8
15. Rac1 Ne5 16. b3 Bc8 17. f4 Ng6 18. Qe1 Rfe8 19. Qf2 Bf8 20. Bf3 b6 21. g4
Bb7 22. g5 Nd7 23. Bg2 Nc5 24. h4 Ne6 25. h5 Nxd4 26. hxg6 c5 27. gxh7+ Kh8 28.
Bxd4 cxd4 29. Nd5 Qd7 30. Rxd4 Bc8 31. Rc3 Qg4 32. Rg3 Qe6 33. Bh3 Qg6 34. Bxc8
Rxc8 35. f5 Qh5 36. g6 fxg6 37. Nf4 a5 1-0

[Event "La Pobla de Lillet op 2006"]
[Site "La Pobla de Lillet ESP"]
[Date "2006.08.02"]
[Round "1.4"]
[White "Del Valle Cirera, Adria"]
[Black "Parligras, Mircea"]
[Result "0-1"]
[WhiteElo "1964"]
[BlackElo "2510"]
[PlyCount "38"]
[EventDate "2006.08.02"]
[EventType "swiss"]
[EventRounds "9"]
[EventCountry "ESP"]
[SourceTitle "Ajedrez en Madri"]
[Source "lmi"]
[SourceDate "2020.06.30"]
[SourceVersion "1"]
[SourceVersionDate "2020.06.30"]
[SourceQuality "1"]

1. e4 c5 2. Nf3 d6 3. d4 cxd4 4. Nxd4 Nf6 5. Nc3 a6 6. Be3 e6 7. f3 b5 8. Qd2
Nbd7 9. O-O-O Bb7 10. g4 Nb6 11. Bd3 Rc8 12. h4 Nfd7 13. Kb1 Ne5 14. Qe1 Be7
15. g5 b4 16. Nce2 d5 17. Nb3 Qc7 18. Ned4 Na4 19. h5 Nxf3 0-1

[Event "La Pobla de Lillet op 2006"]
[Site "La Pobla de Lillet ESP"]
[Date "2006.08.02"]
[Round "1.5"]
[White "Movsziszian, Karen"]
[Black "Flores Vallcorba, Josep"]
[Result "1-0"]
[WhiteElo "2507"]
[BlackElo "1961"]
[PlyCount "65"]
[EventDate "2006.08.02"]
[EventType "swiss"]
[EventRounds "9"]
[EventCountry "ESP"]
[SourceTitle "Ajedrez en Madri"]
[Source "lmi"]
[SourceDate "2020.06.30"]
[SourceVersion "1"]
[SourceVersionDate "2020.06.30"]
[SourceQuality "1"]

1. d4 f5 2. g3 Nf6 3. Bg2 e6 4. Nf3 Be7 5. O-O O-O 6. c4 d6 7. b4 c6 8. a4 d5
9. c5 b6 10. Qc2 bxc5 11. bxc5 a5 12. Ne5 Nfd7 13. Nd3 Bg5 14. Bxg5 Qxg5 15.
Nd2 Ba6 16. Nf4 Qf6 17. h4 Kh8 18. Qc3 e5 19. dxe5 Qxe5 20. Qxa5 Bb7 21. Qb4
Ra7 22. Nb3 Na6 23. Qa3 Qc3 24. Nd3 Re8 25. Rfe1 Qf6 26. e3 Ne5 27. Nxe5 Qxe5
28. Nd4 Nc7 29. Qb4 Rea8 30. Qb6 Ne8 31. Nxc6 Bxc6 32. Qxc6 Ra6 33. Qxd5 1-0

[Event "La Pobla de Lillet op 2006"]
[Site "La Pobla de Lillet ESP"]
[Date "2006.08.02"]
[Round "1.6"]
[White "Jane Besora, Rafael"]
[Black "Velicka, Petr"]
[Result "0-1"]
[WhiteElo "1954"]
[BlackElo "2475"]
[PlyCount "166"]
[EventDate "2006.08.02"]
[EventType "swiss"]
[EventRounds "9"]
[EventCountry "ESP"]
[SourceTitle "Ajedrez en Madri"]
[Source "lmi"]
[SourceDate "2020.06.30"]
[SourceVersion "1"]
[SourceVersionDate "2020.06.30"]
[SourceQuality "1"]

1. e4 c6 2. Nc3 d5 3. Qf3 dxe4 4. Nxe4 Nd7 5. Bc4 Ne5 6. Qc3 Nxc4 7. Qxc4 Bf5
8. Ng3 Bg6 9. Nf3 Nf6 10. h4 Qd5 11. Qxd5 Nxd5 12. d3 h6 13. Bd2 e6 14. O-O-O
Be7 15. Ne5 Bh7 16. Nh5 f6 17. Nxg7+ Kf8 18. Nxe6+ Kg8 19. Nf3 Kf7 20. Nf4 Nxf4
21. Bxf4 h5 22. Rde1 Rhe8 23. Kd2 Rad8 24. a3 Rd5 25. Re3 Red8 26. Rhe1 R8d7
27. Nh2 Rd4 28. g3 a5 29. Nf3 R4d5 30. Ng1 a4 31. f3 Rb5 32. Kc1 Bc5 33. R3e2
Bd4 34. c3 Bxg1 35. Rxg1 Bxd3 36. Rd2 Rbd5 37. Re1 b5 38. g4 c5 39. Re3 c4 40.
Bg3 Rd8 41. Bc7 Rc8 42. Ba5 Ra8 43. Bb4 Re5 44. Rxe5 fxe5 45. Rf2 Ke6 46. Kd2
Rg8 47. g5 Rd8 48. Ke3 Bg6 49. Rd2 Rd3+ 50. Rxd3 cxd3 51. c4 bxc4 52. f4 e4 53.
Bc3 Kf5 54. Bb4 Kg4 55. Be1 Bh7 56. Bf2 Bf5 57. Be1 d2 58. Kxd2 Kxf4 59. Ke2 e3
60. Bc3 Bd3+ 61. Kd1 Kg3 62. Be1+ Kg2 63. g6 Kf1 64. g7 Bh7 65. Bg3 Bg8 66. Kc2
Ke2 67. Kc1 Bh7 68. Bc7 Kf1 69. Bg3 Kg2 70. Be1 Bg8 71. Kc2 Kf3 72. Ba5 Ke2 73.
Bc7 Bh7+ 74. Kc1 c3 75. bxc3 Bg8 76. Kc2 Bb3+ 77. Kc1 Kd3 78. Bf4 Ke2 79. Bc7
Kf1 80. Bg3 Kg1 81. Bc7 Kg2 82. Bb6 e2 83. Kd2 Kf1 0-1

[Event "La Pobla de Lillet op 2006"]
[Site "La Pobla de Lillet ESP"]
[Date "2006.08.02"]
[Round "1.7"]
[White "Pogorelov, Ruslan"]
[Black "Escofet Llongueras, Joan"]
[Result "1-0"]
[WhiteElo "2395"]
[BlackElo "1940"]
[PlyCount "51"]
[EventDate "2006.08.02"]
[EventType "swiss"]
[EventRounds "9"]
[EventCountry "ESP"]
[SourceTitle "Ajedrez en Madri"]
[Source "lmi"]
[SourceDate "2020.06.30"]
[SourceVersion "1"]
[SourceVersionDate "2020.06.30"]
[SourceQuality "1"]

1. Nf3 g6 2. c4 Nf6 3. Nc3 c5 4. e4 Nc6 5. d4 cxd4 6. Nxd4 d6 7. Be2 Bg7 8. Be3
a6 9. O-O O-O 10. Qd2 Ng4 11. Bxg4 Bxg4 12. f3 Nxd4 13. Bxd4 Be6 14. b4 Rc8 15.
Bxg7 Kxg7 16. Qd4+ Kg8 17. Nd5 Bxd5 18. exd5 Qc7 19. Rac1 b6 20. Rfe1 Rfd8 21.
h4 Rd7 22. h5 Qa7 23. h6 f6 24. g4 a5 25. b5 Rc5 26. g5 1-0

[Event "La Pobla de Lillet op 2006"]
[Site "La Pobla de Lillet ESP"]
[Date "2006.08.02"]
[Round "1.8"]
[White "Wagener, Christopher"]
[Black "Wehmeier, Stefan"]
[Result "0-1"]
[WhiteElo "1905"]
[BlackElo "2394"]
[PlyCount "82"]
[EventDate "2006.08.02"]
[EventType "swiss"]
[EventRounds "9"]
[EventCountry "ESP"]
[SourceTitle "Ajedrez en Madri"]
[Source "lmi"]
[SourceDate "2020.06.30"]
[SourceVersion "1"]
[SourceVersionDate "2020.06.30"]
[SourceQuality "1"]

1. d4 Nf6 2. c4 c5 3. d5 b5 4. cxb5 a6 5. b6 d6 6. Nc3 Nbd7 7. e4 g6 8. Nf3 Bg7
9. Be2 O-O 10. O-O Qxb6 11. Nd2 Qc7 12. Nc4 Nb6 13. Qc2 Rb8 14. f4 Nxc4 15.
Bxc4 Ng4 16. h3 Bd4+ 17. Kh1 Rb4 18. b3 Nf6 19. Bb2 Bd7 20. Qe2 h5 21. Nd1 Bb5
22. Bxd4 cxd4 23. Nb2 Bxc4 24. Nxc4 h4 25. Qe1 Rxc4 26. bxc4 Qxc4 27. Qxh4 Nxe4
28. f5 Qxd5 29. fxg6 fxg6 30. Rxf8+ Kxf8 31. Qh8+ Kf7 32. Qh7+ Ke8 33. Qxg6+
Kd7 34. Qg4+ Kc7 35. Rc1+ Nc5 36. Qg7 Qe4 37. Qg3 e5 38. Qa3 Kd7 39. Qf3 Qxf3
40. gxf3 Ke6 41. Kg2 Kf5 0-1

[Event "La Pobla de Lillet op 2006"]
[Site "La Pobla de Lillet ESP"]
[Date "2006.08.02"]
[Round "1.9"]
[White "Mellado Triviño, Juan"]
[Black "Tallo Dominguez, Imar"]
[Result "1-0"]
[WhiteElo "2388"]
[BlackElo "1890"]
[PlyCount "75"]
[EventDate "2006.08.02"]
[EventType "swiss"]
[EventRounds "9"]
[EventCountry "ESP"]
[SourceTitle "Ajedrez en Madri"]
[Source "lmi"]
[SourceDate "2020.06.30"]
[SourceVersion "1"]
[SourceVersionDate "2020.06.30"]
[SourceQuality "1"]

1. Nf3 Nf6 2. c4 e6 3. g3 d5 4. Bg2 c5 5. O-O Nc6 6. cxd5 exd5 7. d4 c4 8. Bg5
Be7 9. Nc3 O-O 10. Ne5 Be6 11. e3 h6 12. Bxf6 Bxf6 13. f4 Ne7 14. Qe2 Rb8 15.
Rad1 b5 16. e4 Bxe5 17. fxe5 Qd7 18. exd5 Bxd5 19. Ne4 Qc6 20. Rf6 gxf6 21.
Nxf6+ Kg7 22. Bxd5 Nxd5 23. Qg4+ Kh8 24. Qe4 Qxf6 25. exf6 Nxf6 26. Qe7 Kg7 27.
Rf1 Rb6 28. Qxa7 Rfb8 29. Qc7 R8b7 30. Qc5 Nd7 31. Qf5 Nf6 32. a3 Rd6 33. Qc5
Rbb6 34. Rf5 Nd7 35. Qb4 Rxd4 36. Qc3 Rbd6 37. Rf4 Ne5 38. Rxd4 1-0

[Event "La Pobla de Lillet op 2006"]
[Site "La Pobla de Lillet ESP"]
[Date "2006.08.02"]
[Round "1.10"]
[White "Jane Besora, Jaume"]
[Black "Alonso Moyano, Jonathan"]
[Result "0-1"]
[WhiteElo "1885"]
[BlackElo "2372"]
[PlyCount "44"]
[EventDate "2006.08.02"]
[EventType "swiss"]
[EventRounds "9"]
[EventCountry "ESP"]
[SourceTitle "Ajedrez en Madri"]
[Source "lmi"]
[SourceDate "2020.06.30"]
[SourceVersion "1"]
[SourceVersionDate "2020.06.30"]
[SourceQuality "1"]

1. d4 f5 2. Bg5 h6 3. Bh4 g5 4. e3 Nf6 5. Bg3 Bg7 6. h4 g4 7. Bd3 d6 8. Ne2 Nh5
9. c3 O-O 10. Na3 e5 11. dxe5 dxe5 12. Qb3+ Kh8 13. O-O-O Qe7 14. Rde1 Nd7 15.
Nc4 Nc5 16. Qc2 e4 17. Nf4 exd3 18. Ng6+ Kh7 19. Nxf8+ Qxf8 20. Qb1 Be6 21. Nd2
Qf7 22. a3 Ba2 0-1

[Event "La Pobla de Lillet op 2006"]
[Site "La Pobla de Lillet ESP"]
[Date "2006.08.02"]
[Round "1.22"]
[White "Jimenez Sanchez, Juan Rafael"]
[Black "Garcia Galeote, Lorenzo"]
[Result "0-1"]
[WhiteElo "1811"]
[BlackElo "2144"]
[PlyCount "78"]
[EventDate "2006.08.02"]
[EventType "swiss"]
[EventRounds "9"]
[EventCountry "ESP"]
[SourceTitle "Ajedrez en Madri"]
[Source "lmi"]
[SourceDate "2020.06.30"]
[SourceVersion "1"]
[SourceVersionDate "2020.06.30"]
[SourceQuality "1"]

1. c4 e6 2. g3 d5 3. Bg2 c6 4. cxd5 exd5 5. e3 Nf6 6. Ne2 Na6 7. d4 Bf5 8. a3
Bd6 9. Nbc3 Nc7 10. O-O Qd7 11. b4 Bh3 12. f3 O-O 13. e4 dxe4 14. fxe4 Bxg2 15.
Kxg2 Be7 16. e5 Nfd5 17. Qd3 Nxc3 18. Nxc3 Rad8 19. Be3 Nd5 20. Nxd5 Qxd5+ 21.
Kg1 Rd7 22. Rad1 a6 23. Rf2 Bd8 24. Rf4 Bc7 25. Qf5 g6 26. Qg4 h5 27. Qh3 Bxe5
28. Rf5 gxf5 29. Qxh5 Rd6 30. Qxf5 Bg7 31. Qh3 Qf3 32. Re1 Rxd4 33. Bh6 Rd1 34.
Rxd1 Qxd1+ 35. Kf2 Bd4+ 36. Kg2 Qe2+ 37. Kh1 Qe1+ 38. Kg2 Qf2+ 39. Kh1 Qg1# 0-1

[Event "La Pobla de Lillet op 2006"]
[Site "La Pobla de Lillet ESP"]
[Date "2006.08.03"]
[Round "2.1"]
[White "Pascual Genoves, Marc"]
[Black "Felgaer Ziegler, Ruben"]
[Result "0-1"]
[WhiteElo "2213"]
[BlackElo "2581"]
[PlyCount "74"]
[EventDate "2006.08.02"]
[EventType "swiss"]
[EventRounds "9"]
[EventCountry "ESP"]
[SourceTitle "Ajedrez en Madri"]
[Source "lmi"]
[SourceDate "2020.06.30"]
[SourceVersion "1"]
[SourceVersionDate "2020.06.30"]
[SourceQuality "1"]

1. e4 c5 2. Nc3 e6 3. Nf3 a6 4. d4 cxd4 5. Nxd4 b5 6. Bd3 Qb6 7. Nb3 Qc7 8. O-O
Bb7 9. Qe2 Nc6 10. f4 Be7 11. e5 f5 12. Be3 Nh6 13. Qh5+ Nf7 14. a4 b4 15. Ne2
g6 16. Qh3 Na5 17. Nxa5 Qxa5 18. Qg3 h5 19. Qf2 h4 20. h3 g5 21. Bb6 Qd5 22.
Rad1 Qc6 23. a5 gxf4 24. Nd4 Bc5 25. Nxc6 Bxf2+ 26. Rxf2 Bxc6 27. Rxf4 Nxe5 28.
Bf1 Be4 29. Rf2 Rg8 30. Bc5 Nc6 31. Rd6 Nxa5 32. Bxb4 Nc6 33. Bc5 a5 34. c3 Rb8
35. Rfd2 Ne5 36. Kh2 Bc6 37. Bf2 Nc4 0-1

[Event "La Pobla de Lillet op 2006"]
[Site "La Pobla de Lillet ESP"]
[Date "2006.08.03"]
[Round "2.2"]
[White "Koch, Thomas"]
[Black "Cicak, Slavko"]
[Result "0-1"]
[WhiteElo "2148"]
[BlackElo "2532"]
[PlyCount "48"]
[EventDate "2006.08.02"]
[EventType "swiss"]
[EventRounds "9"]
[EventCountry "ESP"]
[SourceTitle "Ajedrez en Madri"]
[Source "lmi"]
[SourceDate "2020.06.30"]
[SourceVersion "1"]
[SourceVersionDate "2020.06.30"]
[SourceQuality "1"]

1. d4 c5 2. d5 d6 3. c4 g6 4. Nc3 Bg7 5. e4 Nd7 6. f4 Ngf6 7. Be2 b5 8. cxb5 a6
9. a4 axb5 10. Bxb5 Ba6 11. Qe2 Qa5 12. Bd2 O-O 13. Nf3 Nxe4 14. Qxe4 Bxb5 15.
Nxb5 Qxb5 16. axb5 Rxa1+ 17. Kf2 Nf6 18. Qxe7 Rxh1 19. b6 Rb1 20. Bc3 Re8 21.
Qxe8+ Nxe8 22. Nd2 Bxc3 23. Nxb1 Ba5 24. b7 Bc7 0-1

[Event "La Pobla de Lillet op 2006"]
[Site "La Pobla de Lillet ESP"]
[Date "2006.08.03"]
[Round "2.3"]
[White "Garcia Galeote, Lorenzo"]
[Black "Mirzoev, Azer"]
[Result "0-1"]
[WhiteElo "2144"]
[BlackElo "2523"]
[PlyCount "56"]
[EventDate "2006.08.02"]
[EventType "swiss"]
[EventRounds "9"]
[EventCountry "ESP"]
[SourceTitle "Ajedrez en Madri"]
[Source "lmi"]
[SourceDate "2020.06.30"]
[SourceVersion "1"]
[SourceVersionDate "2020.06.30"]
[SourceQuality "1"]

1. d4 Nf6 2. c4 e6 3. Nc3 c5 4. d5 exd5 5. cxd5 d6 6. e4 g6 7. Bb5+ Nbd7 8. f4
a6 9. Bd3 Bg7 10. Nf3 O-O 11. O-O b5 12. h3 Re8 13. Re1 Bb7 14. Qd2 c4 15. Bc2
Nc5 16. a3 a5 17. Qf2 b4 18. axb4 axb4 19. Rxa8 Bxa8 20. e5 bxc3 21. exf6 Bxf6
22. Rxe8+ Qxe8 23. bxc3 Bxc3 24. Bd2 Bf6 25. Bb4 Bxd5 26. Ne5 Bxe5 27. Bxc5
dxc5 28. fxe5 Qxe5 0-1

[Event "La Pobla de Lillet op 2006"]
[Site "La Pobla de Lillet ESP"]
[Date "2006.08.03"]
[Round "2.5"]
[White "Fabre Massana, Miquel"]
[Black "Movsziszian, Karen"]
[Result "1/2-1/2"]
[WhiteElo "2124"]
[BlackElo "2507"]
[PlyCount "108"]
[EventDate "2006.08.02"]
[EventType "swiss"]
[EventRounds "9"]
[EventCountry "ESP"]
[SourceTitle "Ajedrez en Madri"]
[Source "lmi"]
[SourceDate "2020.06.30"]
[SourceVersion "1"]
[SourceVersionDate "2020.06.30"]
[SourceQuality "1"]

1. d4 Nf6 2. Nf3 g6 3. c4 Bg7 4. Nc3 O-O 5. e4 d6 6. Be2 Nbd7 7. O-O e5 8. Be3
Ng4 9. Bg5 f6 10. Bh4 Nh6 11. Re1 c6 12. Qd2 Nf7 13. Rad1 a5 14. Bf1 a4 15. h3
Qa5 16. Kh1 Re8 17. Kg1 Nf8 18. Qc2 Ne6 19. d5 Nc5 20. Nd2 f5 21. f3 Bd7 22. b3
Bh6 23. Rb1 Bxd2 24. Qxd2 axb3 25. axb3 Qb4 26. Rb2 Ra3 27. Reb1 Rea8 28. Bf2
Ra1 29. Bxc5 Qxc5+ 30. Kh2 Qb4 31. exf5 Bxf5 32. Bd3 Rxb1 33. Rxb1 cxd5 34.
Bxf5 gxf5 35. cxd5 Rc8 36. Ne4 Qxd2 37. Nxd2 Rc7 38. Nc4 f4 39. Rb2 Rc6 40. Nd2
Kg7 41. Ne4 Rc5 42. h4 Rxd5 43. Rc2 h6 44. Rc7 b6 45. Kh3 Rd4 46. Kg4 Kf8 47.
Kf5 d5 48. Nf6 e4 49. Ke6 Nd8+ 50. Ke5 Rd2 51. Nh7+ Kg8 52. Nf6+ Kf8 53. Nh7+
Kg8 54. Nf6+ Kf8 1/2-1/2

[Event "La Pobla de Lillet op 2006"]
[Site "La Pobla de Lillet ESP"]
[Date "2006.08.03"]
[Round "2.6"]
[White "Velicka, Petr"]
[Black "Ayza Leon, David"]
[Result "1-0"]
[WhiteElo "2475"]
[BlackElo "2146"]
[PlyCount "97"]
[EventDate "2006.08.02"]
[EventType "swiss"]
[EventRounds "9"]
[EventCountry "ESP"]
[SourceTitle "Ajedrez en Madri"]
[Source "lmi"]
[SourceDate "2020.06.30"]
[SourceVersion "1"]
[SourceVersionDate "2020.06.30"]
[SourceQuality "1"]

1. e4 d6 2. d4 Nf6 3. Nc3 g6 4. Be3 Bg7 5. Qd2 Ng4 6. Bg5 h6 7. Bh4 c6 8. h3
Nf6 9. O-O-O O-O 10. f4 b5 11. e5 b4 12. exf6 bxc3 13. Qxc3 exf6 14. Nf3 Qb6
15. Bc4 a5 16. Rhe1 Ra7 17. d5 g5 18. Bg3 c5 19. Qb3 Qc7 20. Qd3 a4 21. Re2 Nd7
22. f5 Nb6 23. Nd2 Bd7 24. Bh2 g4 25. hxg4 Rb8 26. Bf4 Rab7 27. Rh1 Nxc4 28.
Nxc4 Bb5 29. c3 Bxc4 30. Qxc4 a3 31. b3 Rb4 32. cxb4 Rxb4 33. Re8+ Kh7 34. Qc2
Rxf4 35. g5 Rg4 36. g6+ fxg6 37. fxg6+ Rxg6 38. Qf5 c4 39. Rc8 Qb6 40. Rxc4
Qe3+ 41. Kb1 Qd2 42. Rc2 Qd4 43. Re1 Qh4 44. Rd1 Qg3 45. Re2 Qh4 46. Re3 Qh2
47. Re2 Qh4 48. Kc2 Qb4 49. Rd3 1-0

[Event "La Pobla de Lillet op 2006"]
[Site "La Pobla de Lillet ESP"]
[Date "2006.08.03"]
[Round "2.7"]
[White "Miralles Brugues, Rafael"]
[Black "Pogorelov, Ruslan"]
[Result "0-1"]
[WhiteElo "2091"]
[BlackElo "2395"]
[PlyCount "84"]
[EventDate "2006.08.02"]
[EventType "swiss"]
[EventRounds "9"]
[EventCountry "ESP"]
[SourceTitle "Ajedrez en Madri"]
[Source "lmi"]
[SourceDate "2020.06.30"]
[SourceVersion "1"]
[SourceVersionDate "2020.06.30"]
[SourceQuality "1"]

1. e4 c5 2. Nf3 Nc6 3. Bb5 g6 4. Bxc6 dxc6 5. d4 cxd4 6. Qxd4 Qxd4 7. Nxd4 Bg7
8. c3 Bd7 9. Be3 Nf6 10. f3 c5 11. Nc2 b6 12. Nd2 O-O-O 13. O-O-O Bb5 14. c4
Ba6 15. b4 Nd7 16. b5 Bb7 17. Bf4 Ne5 18. Bxe5 Bxe5 19. Na3 h5 20. h3 g5 21.
Kc2 g4 22. hxg4 hxg4 23. Nab1 e6 24. Nc3 f5 25. exf5 exf5 26. Rxh8 Rxh8 27. Nd5
Bxd5 28. cxd5 Rh2 29. fxg4 fxg4 30. Re1 Bf4 31. Re2 Bxd2 32. Kxd2 Kd7 33. Kd3
g3 34. Ke4 Kd6 35. Kf3 Rh7 36. Kxg3 Kxd5 37. Kf4 Kc4 38. Rb2 Kd3 39. g4 c4 40.
g5 c3 41. Rg2 c2 42. Rg1 Rc7 0-1

[Event "La Pobla de Lillet op 2006"]
[Site "La Pobla de Lillet ESP"]
[Date "2006.08.03"]
[Round "2.9"]
[White "Duran Burniol, Joan"]
[Black "Mellado Triviño, Juan"]
[Result "0-1"]
[WhiteElo "2060"]
[BlackElo "2388"]
[PlyCount "96"]
[EventDate "2006.08.02"]
[EventType "swiss"]
[EventRounds "9"]
[EventCountry "ESP"]
[SourceTitle "Ajedrez en Madri"]
[Source "lmi"]
[SourceDate "2020.06.30"]
[SourceVersion "1"]
[SourceVersionDate "2020.06.30"]
[SourceQuality "1"]

1. f4 c5 2. Nf3 Nc6 3. b3 Nf6 4. Bb2 e6 5. e3 Be7 6. Bb5 Qb6 7. Bxc6 Qxc6 8.
O-O d6 9. d3 b5 10. Nbd2 Bb7 11. a4 a6 12. axb5 axb5 13. Rxa8+ Bxa8 14. Qe2 O-O
15. e4 Bb7 16. Ra1 Ra8 17. Rxa8+ Bxa8 18. e5 Nd7 19. exd6 Bxd6 20. Ne5 Nxe5 21.
Bxe5 Be7 22. Qg4 f6 23. Bc3 Qd5 24. Ne4 Kf7 25. Nd2 h5 26. Qe2 Bd6 27. Qf2 Qf5
28. g3 h4 29. Qe2 hxg3 30. hxg3 Qh3 31. Qh2 Qg4 32. Qf2 Qd1+ 33. Nf1 Bd5 34.
Be1 Qh5 35. Nh2 c4 36. bxc4 bxc4 37. d4 Be4 38. c3 Bd5 39. Qe3 Qf5 40. Qe2 Ke7
41. Nf1 Qh7 42. Nh2 Kd7 43. Nf3 Qb1 44. Kf2 Kc6 45. Nd2 Qh7 46. Ke3 g5 47. fxg5
fxg5 48. Qd1 Qd3+ 0-1

[Event "La Pobla de Lillet op 2006"]
[Site "La Pobla de Lillet ESP"]
[Date "2006.08.03"]
[Round "2.10"]
[White "Alonso Moyano, Jonathan"]
[Black "Basas Gamazo, Josep"]
[Result "1-0"]
[WhiteElo "2372"]
[BlackElo "2092"]
[PlyCount "83"]
[EventDate "2006.08.02"]
[EventType "swiss"]
[EventRounds "9"]
[EventCountry "ESP"]
[SourceTitle "Ajedrez en Madri"]
[Source "lmi"]
[SourceDate "2020.06.30"]
[SourceVersion "1"]
[SourceVersionDate "2020.06.30"]
[SourceQuality "1"]

1. e4 c5 2. Nc3 d6 3. f4 g6 4. Nf3 Bg7 5. Bc4 e6 6. O-O Ne7 7. d3 Nbc6 8. Qe1
Nd4 9. Qf2 O-O 10. a3 Bd7 11. Kh1 b5 12. Ba2 a5 13. e5 Nxf3 14. Qxf3 d5 15. Ne2
Bc6 16. d4 c4 17. Bd2 Bd7 18. c3 Rb8 19. g4 f6 20. exf6 Rxf6 21. Be1 Rf7 22. h3
e5 23. dxe5 Bxe5 24. Qe3 Bf6 25. Rd1 Qb6 26. Qxb6 Rxb6 27. Bf2 Rb7 28. Bc5 Bc6
29. Kg1 Nc8 30. Nd4 Bxd4+ 31. Rxd4 Nb6 32. Rd2 Nd7 33. Bd4 Nf8 34. f5 Rbe7 35.
Bb1 gxf5 36. gxf5 Nd7 37. Rg2+ Kf8 38. f6 Re6 39. Bf5 Rd6 40. Bxd7 Rfxd7 41.
Bc5 Kf7 42. Rg7+ 1-0

[Event "La Pobla de Lillet op 2006"]
[Site "La Pobla de Lillet ESP"]
[Date "2006.08.04"]
[Round "3.1"]
[White "Felgaer Ziegler, Ruben"]
[Black "Arribas Robaina, Maritza"]
[Result "1-0"]
[WhiteElo "2581"]
[BlackElo "2283"]
[PlyCount "75"]
[EventDate "2006.08.02"]
[EventType "swiss"]
[EventRounds "9"]
[EventCountry "ESP"]
[SourceTitle "Ajedrez en Madri"]
[Source "lmi"]
[SourceDate "2020.06.30"]
[SourceVersion "1"]
[SourceVersionDate "2020.06.30"]
[SourceQuality "1"]

1. c4 e5 2. Nc3 Nc6 3. g3 g6 4. Bg2 Bg7 5. e3 d6 6. Nge2 Nge7 7. O-O O-O 8. Rb1
Bf5 9. d3 Qd7 10. Nd5 Nxd5 11. cxd5 Ne7 12. Qb3 Rab8 13. e4 Bh3 14. Bxh3 Qxh3
15. Be3 c5 16. Qa4 Nc8 17. b4 Bh6 18. Bxh6 Qxh6 19. bxc5 dxc5 20. f4 exf4 21.
gxf4 Qh3 22. Ng3 h5 23. e5 h4 24. Ne4 Qxd3 25. Rbd1 Qe3+ 26. Rf2 Nb6 27. Qc2 c4
28. Kg2 h3+ 29. Kf1 Kg7 30. d6 Rbc8 31. Ng5 Rh8 32. Rf3 Qc5 33. d7 Rcd8 34. e6
f6 35. Nf7 Qc6 36. Qe2 c3 37. Nxd8 Rxd8 38. e7 1-0

[Event "La Pobla de Lillet op 2006"]
[Site "La Pobla de Lillet ESP"]
[Date "2006.08.04"]
[Round "3.2"]
[White "Cicak, Slavko"]
[Black "Garcia Jimenez, Fransisco J"]
[Result "1/2-1/2"]
[WhiteElo "2532"]
[BlackElo "2270"]
[PlyCount "95"]
[EventDate "2006.08.02"]
[EventType "swiss"]
[EventRounds "9"]
[EventCountry "ESP"]
[SourceTitle "Ajedrez en Madri"]
[Source "lmi"]
[SourceDate "2020.06.30"]
[SourceVersion "1"]
[SourceVersionDate "2020.06.30"]
[SourceQuality "1"]

1. Nf3 Nf6 2. c4 d6 3. d4 g6 4. Nc3 Bg7 5. Bg5 O-O 6. e3 Nbd7 7. Qc2 e5 8. Rd1
exd4 9. Nxd4 Nc5 10. Be2 Be6 11. O-O a5 12. e4 Qc8 13. f3 Nfd7 14. f4 f5 15.
Nxe6 Nxe6 16. exf5 Nd4 17. Qe4 gxf5 18. Qb1 Nb6 19. Bd3 Qe8 20. Bh4 Qh5 21. Bf2
Rae8 22. Kh1 c5 23. Bg1 Re6 24. Rde1 Rxe1 25. Rxe1 Qf7 26. b3 Nf3 27. gxf3 Bxc3
28. Re2 Kh8 29. Rg2 Nc8 30. Qc1 Bg7 31. Qd2 b6 32. Bc2 Qf6 33. Re2 Qa1 34. Qd5
Ne7 35. Qe6 Nc6 36. Rg2 Nd4 37. Qxd6 Nxf3 38. Bd1 Nxg1 39. Rxg1 Qd4 40. Qxd4
Bxd4 41. Re1 Kg7 42. Bf3 Rf6 43. h3 Rg6 44. Re7+ Kh6 45. h4 Rg3 46. Bg2 Rg4 47.
Re6+ Rg6 48. Rxg6+ 1/2-1/2

[Event "La Pobla de Lillet op 2006"]
[Site "La Pobla de Lillet ESP"]
[Date "2006.08.04"]
[Round "3.3"]
[White "Mirzoev, Azer"]
[Black "Ayza Ballester, Jordi"]
[Result "1-0"]
[WhiteElo "2523"]
[BlackElo "2263"]
[PlyCount "63"]
[EventDate "2006.08.02"]
[EventType "swiss"]
[EventRounds "9"]
[EventCountry "ESP"]
[SourceTitle "Ajedrez en Madri"]
[Source "lmi"]
[SourceDate "2020.06.30"]
[SourceVersion "1"]
[SourceVersionDate "2020.06.30"]
[SourceQuality "1"]

1. d4 d5 2. Nf3 Nf6 3. c4 dxc4 4. e3 Bg4 5. Bxc4 e6 6. Qb3 Bxf3 7. gxf3 Nbd7 8.
Nc3 Nb6 9. Be2 Be7 10. Bd2 O-O 11. O-O-O c5 12. dxc5 Bxc5 13. Kb1 Nbd7 14. Na4
Bd6 15. Qxb7 Qe7 16. Qa6 Rfb8 17. Bc1 Nb6 18. e4 Nxa4 19. Qxa4 Rb4 20. Qc6 Rd8
21. Bb5 e5 22. Be3 Rb8 23. Qxd6 Qxd6 24. Rxd6 R4xb5 25. b3 a5 26. Ra6 h6 27.
Rc1 Rd8 28. Kb2 Nh5 29. a4 Rb7 30. Rxa5 Nf4 31. Bxf4 exf4 32. Rd5 1-0